| 000 -Etiqueta do registo | |
|---|---|
| campo de controlo de comprimento fixo | 010040000a22002650004500 |
| 001 - Identificador do registo | |
| Campo de controlo | 52106 |
| 010 ## - ISBN | |
| Número (ISBN) | 978-972-0-72686-5 |
| 021 ## - Nº depósito legal | |
| Código do país | Portugal |
| Número | 367513/13 |
| 100 ## - Dados Gerais de Proc. | |
| Dados gerais de processamento | 20151126d2015 k y0pory5003 ba |
| 101 0# - Língua da publicação | |
| Língua do texto, banda sonora, etc. | Português |
| 102 ## - País de Publicação | |
| País de publicação | Portugal |
| 200 1# - Título | |
| Título próprio | Seleção de contos de Andersen |
| Primeira menção de responsabilidade | Hans Christian Andersen |
| Outras menções de responsabilidade | trad. Silva Duarte |
| -- | il. Ana Afonso |
| 210 ## - Publicação, Distribuição | |
| Lugar da edição, distribuição, etc. | Porto |
| Nome do editor, distribuidor, etc. | Porto Editora |
| Data da publicação, distribuição, etc. | 2014 |
| 215 ## - Descrição física | |
| Descrição física | 63 p. |
| 225 2# - Colecção | |
| Título próprio da colecção | Educação literária |
| 606 ## - Nome comum | |
| Elemento de entrada | Literatura juvenil |
| Subdivisão de assunto | conto |
| 675 ## - CDU | |
| Notação | 82-34 |
| Edição | BN |
| Língua da edição | Português |
| 700 #1 - Responsabilidade principal | |
| Palavra de ordem | Andersen |
| Outra parte do nome | Hans Christian |
| Datas | 1805-1875 |
| 702 #1 - Responsabilidade secundária | |
| Koha Internal Code | 17838 |
| Código de função | Tradutor |
| Palavra de ordem | Duarte |
| Outra parte do nome | Silva |
| 702 ## - Responsabilidade secundária | |
| Koha Internal Code | 6038 |
| Código de função | Ilustrador |
| Palavra de ordem | Afonso |
| Outra parte do nome | Ana |
| 801 ## - Fonte de origem | |
| País | Portugal |
| Data da última transacção | 20151126 |
| 856 ## - Localização e acesso electrónico | |
| URL | <a href="https://pt.wikipedia.org/wiki/Hans_Christian_Andersen">https://pt.wikipedia.org/wiki/Hans_Christian_Andersen</a> |
| Nota para informação ao público | mais informação |
| 859 ## - Imagem da capa | |
| Uniform Resource Location (URL) | http://images.portoeditora.pt/getresourcesservlet/image?EBbDj3QnkSUjgBOkfaUbsKIiGhhTnv74wHCxfUMk1Oha80wLQJP9311o%2B9b3HV3G&width=275 |
| Nota informativa | capa |
| 090 ## - Números de controlo do sistema (Koha) | |
| Número biblioitem do Koha (gerado automaticamente) | 52106 |
| 942 ## - Elementos de entrada adicionados (Koha) | |
| Tipo de item no Koha | Monografias |
| Suprimido | Disponível no OPAC |
| 999 ## - Campo local | |
| Campo local | 52106 |
| Removido (estado) | Perdido (estado) | Data de aquisição | Origem do registo (biblioteca) (codificado) | Código da organização que empresta ou é detentora (biblioteca) | Localização da prateleira | Código de barras | Número de inventário | Cota | Tipo de circulação (não pode ser emprestado) | Tipo de item e material |
|---|---|---|---|---|---|---|---|---|---|---|
| Disponível | Disponível | 2015-11-26 | Biblioteca EB23 D. Paio Peres Correia | Biblioteca EB23 D. Paio Peres Correia | Plano Nacional de Leitura – 1.º Ciclo | BEBDPPC7523 | 7523 | 82.03-34 AND | Normal | Monografias |
| Disponível | Disponível | 2021-04-19 | Biblioteca EB23 D. Paio Peres Correia | Biblioteca EB23 D. Paio Peres Correia | Plano Nacional de Leitura – 1.º Ciclo | BEBDPPC7522 | 7522 | 82.03-34 AND | Normal | Monografias |